CJ advocates financial independence of judiciary (Record no. 47930)
[ view plain ]
| 000 -LEADER | |
|---|---|
| fixed length control field | 00332 a2200109 4500 |
| 100 ## - MAIN ENTRY--AUTHOR NAME | |
| Personal name | HAWKSON,Emmanuel Ebo |
| 245 ## - TITLE STATEMENT | |
| Title | CJ advocates financial independence of judiciary |
| 300 ## - PHYSICAL DESCRIPTION | |
| Number of Pages | Thursday,September 28,2023 Page |
| 650 ## - SUBJECT ADDED ENTRY--TOPICAL TERM | |
| Topical Term | Journalism |
| 773 0# - HOST ITEM ENTRY | |
| Title | Daily Graphic |
| Place, publisher, and date of publication | Accra Daily Graphic 2023 |
| International Standard Serial Number | 0855-1529 |
| 942 ## - ADDED ENTRY ELEMENTS (KOHA) | |
| Koha item type | Periodicals |
| Not for loan | Collection code | Home library | Current library | Shelving location | Date acquired | Copy number | Koha item type |
|---|---|---|---|---|---|---|---|
| Not For Loan | Periodical Library | Periodicals Library | Periodicals Library | Third Floor West Wing Sam Jonah Library | 12/05/2023 | 1 | Periodicals |